[Event "112th US Open"]
[Site "Orlando USA"]
[Date "2011.08.07"]
[Round "9"]
[White "Chiang,M"]
[Black "Van Wely,L"]
[Result "0-1"]
[WhiteElo "2062"]
[BlackElo "2683"]

1.e4 c5 2.Nf3 e6 3.b3 Nc6 4.Bb2 a6 5.g3 d6 6.Bg2 Nf6 7.Nc3 Be7 8.O-O O-O
9.d4 cxd4 10.Nxd4 Bd7 11.Nce2 Rc8 12.c4 b5 13.cxb5 Nxd4 14.Nxd4 axb5 15.Qd2 Qb6
16.Rac1 e5 17.Nc2 Bc6 18.Rfe1 Bb7 19.Nb4 Rxc1 20.Bxc1 Rc8 21.Bb2 h5 22.a3 h4
23.Na2 Nh7 24.Nc3 Ng5 25.Qe3 Qxe3 26.Rxe3 h3 27.Bf1 Bd8 28.Nd5 Rc2 29.Re2 Nf3+
30.Kh1 Nd2 31.Bc3 Rc1  0-1

[Event "TCh-ISL Div1 2011-12"]
[Site "Reykjavik ISL"]
[Date "2011.10.08"]
[Round "2.4"]
[White "Van Wely,L"]
[Black "Bromann,T"]
[Result "1/2-1/2"]
[WhiteElo "2689"]
[BlackElo "2385"]

1.d4 e6 2.c4 f5 3.g3 Nf6 4.Bg2 c6 5.Nf3 d5 6.O-O Bd6 7.b3 Qe7 8.Bb2 b6 9.Ne5 O-O
10.cxd5 exd5 11.Qc2 Be6 12.Nd2 Rc8 13.Rac1 a5 14.Rfd1 Na6 15.Qb1 Qe8 16.Ndf3 Ne4
17.Ne1 a4 18.f3 Nf6 19.bxa4 Nb8 20.Ba1 Rxa4 21.Qxb6 Rxa2 22.N1d3 Nfd7 23.Qb3 Ra3
24.Qb7 Ra6 25.Rb1 Rc7 26.Qb3 Rca7 27.f4 Ra8 28.Rdc1 Ba3 29.Bb2 Bf8 30.Qd1 Qc8
31.Bc3 Nxe5 32.dxe5 Nd7 33.Bd4 Rb8 34.Rxb8 Qxb8 35.e3 Qb7 36.Bf1 Ra8 37.Rc2 Rc8
38.Qc1 Kf7 39.Rc3 Be7 40.h4 g6 41.Be2 h5 42.Bd1 Qb5 43.Rb3 Qa4 44.Rc3 Qb5
45.Bc5 Nxc5 46.Nxc5 Bxc5 47.Rxc5 Qb4 48.Kf2 Bd7 49.Qc3 Qb1 50.Be2 Ke6 51.Qa3 Qb6
52.Ra5 Qb8 53.Qc5 Rd8 54.Ra7 Re8 55.Bd1 Re7 56.Qa3 Rf7 57.Rb7 Qf8 58.Qa7 Be8
59.Rc7 Qb4 60.Rxf7 Bxf7 61.Be2 Be8 62.Qa8 Ke7 63.Qa7+ Ke6 64.Ba6 Bd7 65.Qa8 Kf7
66.Qa7 Qe7 67.Qc7 Be8 68.Qb8 Bd7 69.Kg2 Qa3 70.Bf1 Qxe3 71.Qc7 Ke8 72.Qd6 Qe4+
73.Kh2 d4 74.Qxg6+ Kd8 75.Qd6 Qc2+ 76.Kh3 Qc1 77.Bg2 Qc4 78.Kh2 Kc8 79.Bf3 d3
80.Bxh5 Qe4 81.Qf8+ Kc7 82.Qd6+ Kc8 83.Qf8+ Kc7 84.Qc5 Kc8 85.Qa5 Qe3 86.Qa8+ Kc7
87.Qa5+ Kc8 88.Qa8+ Kc7 89.Qa5+  1/2-1/2

[Event "26th Reinis Open"]
[Site "Spijkenisse NED"]
[Date "2011.10.22"]
[Round "6.1"]
[White "Ikonnikov,Vy"]
[Black "Van Wely,L"]
[Result "0-1"]
[WhiteElo "2550"]
[BlackElo "2689"]

1.d4 Nf6 2.Nf3 d5 3.c4 e6 4.Nc3 dxc4 5.e3 a6 6.Bxc4 b5 7.Bd3 Bb7 8.O-O c5
9.Qe2 Nbd7 10.Rd1 Qb8 11.h3 Be7 12.b3 O-O 13.Bb2 cxd4 14.Nxd4 Ne5 15.Bc2 Bc5
16.Rac1 Rd8 17.Bb1 Bxd4 18.Rxd4 Rxd4 19.exd4 Ng6 20.g3 Qd6 21.Ne4 Nxe4 22.Bxe4 Bd5
23.Bxg6 hxg6 24.Qe5 Qb4 25.Qe1 Qe7 26.Qe5 a5 27.Rc5 Qe8 28.g4 b4 29.Qe1 Qd8
30.Bc1 Qf6 31.Qe3 a4 32.Rb5 axb3 33.axb3 Qe7 34.Bd2 Ra1+ 35.Be1 Qd6 36.Qd2 Ba8
37.Rc5 Qa6 38.h4 Qb7 39.d5 exd5 40.Kf1 d4  0-1

[Event "TCh-BEL 2011-12"]
[Site "Belgium BEL"]
[Date "2012.03.04"]
[Round "9.1"]
[White "Van Wely,L"]
[Black "Ikonnikov,Vy"]
[Result "1-0"]
[WhiteElo "2689"]
[BlackElo "2550"]

1.d4 Nf6 2.c4 e6 3.Nf3 b6 4.g3 Ba6 5.b3 Bb4+ 6.Bd2 Bxd2+ 7.Nbxd2 Bb7 8.Bg2 c5
9.O-O cxd4 10.Nxd4 Bxg2 11.Kxg2 O-O 12.e4 Nc6 13.Nxc6 dxc6 14.e5 Nd7 15.f4 Nc5
16.Nf3 a5 17.Qe2 Ra7 18.Rad1 Rd7 19.Rxd7 Qxd7 20.Rd1 Qc8 21.Ng5 g6 22.Rd6 Rd8
23.Qd1 Rxd6 24.exd6 f6 25.Nf3 Kf7 26.Qd4 Qd8 27.g4 Nb7 28.d7 h6 29.h4 Nc5
30.g5 e5 31.fxe5 fxg5 32.hxg5 hxg5 33.Qd6 g4 34.Ng5+  1-0

[Event "14th Dubai Open 2012"]
[Site "Dubai UAE"]
[Date "2012.04.15"]
[Round "1.2"]
[White "Surendran,N"]
[Black "Van Wely,L"]
[Result "0-1"]
[WhiteElo "2216"]
[BlackElo "2691"]

1.d4 Nf6 2.Nf3 e6 3.c4 c5 4.d5 d6 5.Nc3 exd5 6.cxd5 g6 7.g3 Bg7 8.Bg2 O-O
9.O-O Na6 10.h3 Re8 11.Nd2 Nc7 12.a4 b6 13.Nc4 Ba6 14.Na3 Nd7 15.Nab5 Ne5
16.Qb3 Bxb5 17.axb5 f5 18.Bf4 Qd7 19.Rfb1 h6 20.Bxe5 Bxe5 21.e3 g5 22.Ra4 Rf8
23.Rba1 Ne8 24.Ne2 Bg7 25.Ra6 Nf6 26.Qa4 Ne4 27.Bxe4 fxe4 28.Qxe4 Qxb5 29.Qg4 Rf7
30.h4 Qxb2 31.hxg5 hxg5 32.R1a2 Qe5 33.Qe6 Qxe6 34.dxe6 Rb7 35.Nc1 c4 36.Rd2 b5
37.Rc6 Rb6 38.Rc7 Re8 39.Rd5 Bf6 40.Rxa7 b4 41.Rc7 b3  0-1

[Event "14th Dubai Open 2012"]
[Site "Dubai UAE"]
[Date "2012.04.16"]
[Round "2.2"]
[White "Van Wely,L"]
[Black "Akshayraj,K"]
[Result "1/2-1/2"]
[WhiteElo "2691"]
[BlackElo "2422"]

1.d4 Nf6 2.c4 g6 3.Nc3 d5 4.Qb3 dxc4 5.Qxc4 Bg7 6.e4 O-O 7.Be2 a6 8.Bf4 b5
9.Qxc7 Qxc7 10.Bxc7 b4 11.Na4 Nc6 12.d5 Nd4 13.Bd3 Bd7 14.Nb6 Bb5 15.Rd1 Ra7
16.Be5 Bxd3 17.Rxd3 Nc2+ 18.Kd1 Nxe4 19.Bxg7 Kxg7 20.Nh3 Rc7 21.f3 Nc5 22.Kxc2 Nd7+
23.Kb1 Nxb6 24.Nf4 Rfc8 25.d6 exd6 26.Rxd6 Nc4 27.Rd4 a5 28.h4 h5 29.Nd5 Rc5
30.Rhd1 Rb8 31.g4 b3 32.a4 Re8 33.Nf4 Ne3 34.Re1 Nc2 35.Rxe8 Nxd4 36.Re3 Rc2
37.Rxb3 Rf2 38.Rd3 Nxf3 39.gxh5 Nxh4 40.Nd5 gxh5 41.b4 axb4 42.a5 b3 43.a6 Ra2
44.Nc7 Nf5 45.Rxb3 Ra4 46.Kb2 Nd6 47.Rg3+ Kf8 48.Kb3 Ra1 49.Kb4 Ne8 50.Nxe8 Rxa6
51.Nc7 Rg6 52.Rh3 Rg4+ 53.Kc5 Rg5+ 54.Nd5 Kg7 55.Kd6 Rg6+ 56.Ke5 Rg5+ 57.Ke4 Kg6
58.Rh1 Rg4+ 59.Nf4+ Kg7 60.Kf3 Kf8 61.Rd1 Rh4 62.Rd7 Kg8 63.Nd5 Kg7 64.Nf4 Kg8
65.Ra7 Kf8 66.Ra4 Kg7  1/2-1/2

[Event "14th Dubai Open 2012"]
[Site "Dubai UAE"]
[Date "2012.04.17"]
[Round "3.14"]
[White "Vishnu,P"]
[Black "Van Wely,L"]
[Result "1/2-1/2"]
[WhiteElo "2406"]
[BlackElo "2691"]

1.e4 c5 2.Nf3 e6 3.d4 cxd4 4.Nxd4 a6 5.Be2 Nf6 6.Nc3 d6 7.f4 Be7 8.O-O O-O
9.Be3 Nc6 10.Kh1 Bd7 11.Qe1 b5 12.a3 Qb8 13.Rd1 Nxd4 14.Bxd4 e5 15.Be3 Bc6
16.Nd5 Bxd5 17.exd5 e4 18.Qg3 b4 19.axb4 Qxb4 20.Bd4 Rfc8 21.c4 Ne8 22.Qe3 Bf6
23.Qxe4 Bxd4 24.Qxd4 Rab8 25.c5 Rxc5 26.Qxb4 Rxb4 27.Bxa6 Rxb2 28.Rc1 Kf8
29.Rfe1 Nf6 30.Rxc5 dxc5 31.g3 Rd2 32.Rc1 Ne4 33.Bf1 Ke7 34.Bg2 Nd6 35.Kg1 c4
36.Bf1 Rd4 37.Kf2 Kd7 38.Ke3 Re4+ 39.Kd2 Kc7 40.Kc3 Kb6 41.Kb4 h5 42.Bxc4 h4
43.Kb3 Re3+ 44.Kb4 Re4 45.Kb3 hxg3 46.hxg3 Rd4 47.Rc3 Kc5 48.Be2+ Kxd5 49.Re3 Re4
50.Rd3+ Ke6 51.Bf3 Re1 52.Kc3 Rg1 53.Kd2 Nf5 54.g4 Nh4 55.Ke2 Kf6 56.Kf2  1/2-1/2

[Event "14th Dubai Open 2012"]
[Site "Dubai UAE"]
[Date "2012.04.18"]
[Round "4.15"]
[White "Van Wely,L"]
[Black "Atabayev,M"]
[Result "1-0"]
[WhiteElo "2691"]
[BlackElo "2367"]

1.d4 Nf6 2.c4 c5 3.d5 e6 4.Nc3 exd5 5.cxd5 d6 6.e4 g6 7.f4 Bg7 8.Bb5+ Nfd7
9.Bd3 O-O 10.Nf3 Na6 11.O-O Nc7 12.a4 b6 13.Be3 Nf6 14.Bf2 Bb7 15.Bh4 Qd7
16.Bc4 Nh5 17.f5 gxf5 18.Ng5 Nf6 19.exf5 Rae8 20.Qd3 a6 21.Nge4 Nxe4 22.Nxe4 f6
23.Nc3 Bh6 24.Rf3 Kh8 25.Rb1 Qe7 26.Kf1 Qf7 27.Rd1 Qg7 28.Rg3 Qd7 29.Rf3 Qg7
30.Bg3 Rg8 31.Qc2 Qd7 32.Ne4 Rxe4 33.Qxe4 Qxa4 34.b3 Qd7 35.Be2 Re8 36.Qc4 b5
37.Qc3 Nxd5 38.Qb2 Qe7 39.Re1 Ne3+ 40.Rxe3 Bxe3 41.Bh5 Rg8 42.Qc3 Qe4 43.Rxe3 Qxg2+
44.Ke1 Qh1+ 45.Kd2 Qd5+ 46.Kc1 Qxf5 47.Bd1 b4 48.Qd2 d5 49.Bc2 Qd7 50.Qe2 Qg4
51.Re7 Qg5+ 52.Kb1 Rg7 53.Re8+ Rg8 54.Qe7  1-0

[Event "14th Dubai Open 2012"]
[Site "Dubai UAE"]
[Date "2012.04.19"]
[Round "5.8"]
[White "Atabayev,Y"]
[Black "Van Wely,L"]
[Result "1-0"]
[WhiteElo "2404"]
[BlackElo "2691"]

1.e4 c5 2.Nf3 e6 3.d4 cxd4 4.Nxd4 Nf6 5.Nc3 d6 6.Be2 Be7 7.O-O O-O 8.Be3 a6
9.a4 Nc6 10.f4 Qc7 11.Qe1 Nxd4 12.Bxd4 e5 13.Be3 exf4 14.Bxf4 Be6 15.Qg3 Ne8
16.Be3 Bf6 17.Rxf6 Nxf6 18.Bd4 Ne8 19.Bd3 f6 20.Nd5 Bxd5 21.exd5 g6 22.a5 Ng7
23.c4 Rae8 24.b4 Nh5 25.Qf3 f5 26.c5 Nf6 27.c6 Ng4 28.b5 axb5 29.Bxb5 Ne5
30.Qb3 Qg7 31.Rd1 Re7 32.Qb4 Qf6 33.cxb7 Rxb7 34.a6 Rbb8 35.a7 Ra8 36.Bc6 Nxc6
37.dxc6 Qf7 38.Qxd6 Rfd8 39.Qe5 Rxd4 40.Qxd4 Qxa7 41.c7  1-0

[Event "14th Dubai Open 2012"]
[Site "Dubai UAE"]
[Date "2012.04.22"]
[Round "8.7"]
[White "Van Wely,L"]
[Black "Pantsulaia,L"]
[Result "1-0"]
[WhiteElo "2691"]
[BlackElo "2595"]

1.d4 Nf6 2.c4 e6 3.Nc3 c5 4.d5 exd5 5.cxd5 d6 6.e4 g6 7.f4 Bg7 8.Bb5+ Nfd7
9.Bd3 O-O 10.Nf3 Qc7 11.O-O c4 12.Bc2 Na6 13.a3 Nac5 14.Be3 Nf6 15.Bd4 Bg4
16.h3 Bxf3 17.Qxf3 a6 18.Qf2 Nfd7 19.Bxg7 Kxg7 20.Qd4+ Kg8 21.Qxc4 Qb6 22.Qb4 Na4+
23.Qxb6 Naxb6 24.b3 Rac8 25.Rf3 Rc7 26.Re1 Re8 27.Ree3 h5 28.g3 Rec8 29.Bb1 Nf6
30.Ne2 Re7 31.Nc3 Rce8 32.Re1 Nbxd5 33.Nxd5 Nxd5 34.Rd3 Nf6 35.Rxd6 Nxe4
36.Rxe4 Rxe4 37.Bxe4 Rxe4 38.Rb6 h4 39.Kf2 hxg3+ 40.Kxg3 Re7 41.Kg4 Kg7 42.h4 a5
43.a4 Re1 44.Rxb7 Rg1+ 45.Kf3 Rh1 46.Rb5 Rxh4 47.Ke4 Rh3 48.Kd5 Rc3 49.Rxa5 Rxb3
50.Rb5 Ra3 51.a5 f5 52.Kc5 Kh6 53.Kb6 Kh5 54.a6 Kg4 55.Ra5 Re3 56.a7 Re8
57.a8=Q Rxa8 58.Rxa8 Kxf4 59.Kc5 g5 60.Kd4 g4 61.Kd3 Kf3 62.Kd2 g3 63.Ke1 Kg2
64.Rf8  1-0

[Event "14th Dubai Open 2012"]
[Site "Dubai UAE"]
[Date "2012.04.23"]
[Round "9.3"]
[White "Mchedlishvili,M"]
[Black "Van Wely,L"]
[Result "1-0"]
[WhiteElo "2626"]
[BlackElo "2691"]

1.d4 Nf6 2.c4 g6 3.g3 Bg7 4.Bg2 c5 5.d5 O-O 6.Nc3 d6 7.Nf3 e6 8.O-O exd5
9.cxd5 Re8 10.Bf4 a6 11.a4 Qc7 12.Rc1 Nbd7 13.b4 b6 14.h3 Bb7 15.Re1 h6 16.bxc5 bxc5
17.e4 g5 18.Bd2 Re7 19.h4 g4 20.Nh2 Ne5 21.Bf4 Bc8 22.Nf1 Nh5 23.Bxe5 Bxe5
24.Ne3 Nf6 25.Nc4 Rb8 26.Qd2 Kg7 27.Ne2 a5 28.Nf4 Ba6 29.Ne3 Bc8 30.Nd3 Bd4
31.Nc2 Be5 32.Ne3 Bd4 33.Nc4 Ba6 34.e5 Ne8 35.Re4 Qd7 36.e6 fxe6 37.Rxg4+ Kf8
38.Qxh6+ Bg7 39.Qg6 e5 40.Rg5 Nf6 41.Rf5 Rf7 42.Ncxe5 dxe5 43.Nxc5 Qd6 44.Ne6+ Ke7
45.Nxg7 Bd3 46.Rc6  1-0

[Event "KNSB Bekerfinale 2012"]
[Site "Bunschoten NED"]
[Date "2012.05.17"]
[Round "2.2"]
[White "De Jong,JW"]
[Black "Van Wely,L"]
[Result "0-1"]
[WhiteElo "2421"]
[BlackElo "2682"]

1.d4 d5 2.c4 c6 3.Nf3 Nf6 4.Nc3 dxc4 5.a4 e6 6.e3 c5 7.Bxc4 Nc6 8.O-O Be7
9.dxc5 Bxc5 10.Qxd8+ Kxd8 11.Bd2 Ke7 12.Rfd1 Rd8 13.Be1 Rxd1 14.Rxd1 Bd7
15.Kf1 Rc8 16.Bb3 Bb4 17.Bc2 h6 18.h3 Be8 19.Ke2 Nd7 20.Na2 Bxe1 21.Nxe1 a5
22.Rb1 Nb6 23.b4 Nd5 24.bxa5 Nxa5 25.Bb3 Nxb3 26.Rxb3 b6 27.e4 Bxa4 28.Rb2 Nf6
29.Rxb6 Nxe4 30.Nb4 Bb5+ 31.Ke3 Nd6 32.Kf3 Rc3+  0-1

[Event "Remco Heite Inv Blitz Playoff"]
[Site "Wolvega NED"]
[Date "2012.11.18"]
[Round "1"]
[White "Ernst,S"]
[Black "Van Wely,L"]
[Result "1-0"]
[WhiteElo "2552"]
[BlackElo "2691"]

1.d4 Nf6 2.c4 c5 3.Nf3 cxd4 4.Nxd4 b6 5.f3 Bb7 6.e4 d6 7.Nc3 e6 8.Be3 a6
9.Be2 Nbd7 10.O-O Be7 11.Qd2 O-O 12.Rfd1 Qc7 13.Rac1 Rac8 14.b4 Qb8 15.Nb3 Ba8
16.Kh1 Rfd8 17.Bf1 Ne5 18.Na4 Nfd7 19.Qf2 Rc6 20.Nd4 Rc7 21.Nb3 Rc6 22.b5 axb5
23.cxb5 Rxc1 24.Rxc1 Nc5 25.Nb2 Nxb3 26.axb3 Nd7 27.Nc4 Rc8 28.Rd1 d5 29.Nxb6 Nxb6
30.Bxb6 dxe4 31.Rd7 Bf6 32.fxe4 Bxe4 33.Bc4 Qe5 34.Bd4 Qg5 35.Bxf6 gxf6 36.Qg3 Rb8
37.Qxb8+ Kg7 38.Qg3  1-0

[Event "O2C Doeberl Cup Premier 2013"]
[Site "Canberra AUS"]
[Date "2013.03.28"]
[Round "1.2"]
[White "Van Wely,L"]
[Black "Wright,N"]
[Result "1-0"]
[WhiteElo "2684"]
[BlackElo "2182"]

1.c4 e6 2.Nf3 Nf6 3.Nc3 d5 4.d4 Nbd7 5.cxd5 exd5 6.Bg5 c6 7.e3 Be7 8.Qc2 O-O
9.Bd3 Re8 10.h3 Ne4 11.Bxe4 dxe4 12.Nxe4 Qa5+ 13.Kf1 Bf8 14.g4 Nb6 15.Nc3 f6
16.Bh4 Be6 17.e4 h5 18.Bg3 hxg4 19.hxg4 Bxg4 20.Kg2 Rad8 21.e5 f5 22.Nh4 Nd5
23.Nxf5 Nxc3 24.bxc3 Qd5+ 25.Kg1 Qe6 26.Ne3 Bf3 27.Qh7+ Kf7 28.Rh4  1-0

[Event "O2C Doeberl Cup Premier 2013"]
[Site "Canberra AUS"]
[Date "2013.03.28"]
[Round "2.2"]
[White "Solomon,SJ"]
[Black "Van Wely,L"]
[Result "1-0"]
[WhiteElo "2390"]
[BlackElo "2684"]

1.e4 c5 2.Nf3 e6 3.d4 cxd4 4.Nxd4 Nf6 5.Nc3 d6 6.Be2 a6 7.O-O Be7 8.f4 O-O
9.Be3 Nc6 10.Qe1 Nxd4 11.Bxd4 b5 12.a3 Bb7 13.Qg3 Bc6 14.Rad1 Qc7 15.Bf3 a5
16.e5 dxe5 17.fxe5 Nd7 18.Ne4 Bxe4 19.Bxe4 Rab8 20.c3 Bc5 21.Qe3 g6 22.Rf2 Rbd8
23.Bf3 Bxd4 24.cxd4 Nb6 25.h4 Nc4 26.Qg5 Qb6 27.Qf4 Rd7 28.h5 Rfd8 29.Bg4 Rc8
30.Rd3 a4 31.d5 Qa7 32.dxe6 Rxd3 33.exf7+ Kf8 34.Qh6+ Ke7 35.f8=Q+  1-0

[Event "O2C Doeberl Cup Premier 2013"]
[Site "Canberra AUS"]
[Date "2013.03.29"]
[Round "3.11"]
[White "Van Wely,L"]
[Black "Chan,Mi"]
[Result "1-0"]
[WhiteElo "2684"]
[BlackElo "1948"]

1.c4 e5 2.Nc3 d6 3.Nf3 Nc6 4.g3 g6 5.d4 Bg7 6.d5 Nce7 7.Bg2 h6 8.e4 Nf6 9.O-O O-O
10.Ne1 g5 11.Nd3 Ng6 12.c5 dxc5 13.Nxc5 Ne8 14.b3 Nd6 15.Ba3 a6 16.Qe2 g4
17.Rac1 h5 18.Rc2 Kh7 19.f3 Qg5 20.Bc1 Qe7 21.Nd3 Bd7 22.Ba3 Rad8 23.Nd1 c6
24.Ne3 cxd5 25.Nxd5 Qe6 26.fxg4 hxg4 27.Nc5 Qe8 28.Nxd7 Qxd7 29.Bxd6 Qxd6
30.Qxg4 Bh6 31.Rc7  1-0

[Event "O2C Doeberl Cup Premier 2013"]
[Site "Canberra AUS"]
[Date "2013.03.30"]
[Round "6.5"]
[White "Johansen,D"]
[Black "Van Wely,L"]
[Result "0-1"]
[WhiteElo "2430"]
[BlackElo "2684"]

1.c4 g6 2.d4 Bg7 3.e4 d6 4.Nc3 Nf6 5.f4 O-O 6.Nf3 Na6 7.e5 Nd7 8.Be2 c5 9.exd6 exd6
10.d5 Bxc3+ 11.bxc3 f5 12.O-O Nf6 13.Bd3 Bd7 14.Re1 Re8 15.Bd2 Nc7 16.Qb3 Rb8
17.Rxe8+ Qxe8 18.Re1 Qf8 19.a4 b6 20.Qa2 Qc8 21.Bc2 Qa6 22.h3 Re8 23.Rxe8+ Ncxe8
24.Bb3 Ne4 25.Be1 N8f6 26.Qc2 Qa5 27.Kh1 Kf7 28.Ng1 Ke7 29.Ne2 Kd8 30.Nc1 Kc7
31.Nd3 h6 32.Kg1 Qa6 33.Nf2 Nxf2 34.Bxf2 Qc8 35.Qa2 Nh5 36.g3 Qh8 37.Qa1 Nf6
38.a5 Qb8 39.Ba4 bxa5 40.Bxd7 Kxd7 41.Qxa5 Ne4 42.g4 Qb1+ 43.Kg2 Qb2 44.Qxa7+ Ke8
45.Qa8+ Kf7 46.Qa7+ Kf6 47.g5+ hxg5 48.fxg5+ Ke5  0-1

[Event "O2C Doeberl Cup Premier 2013"]
[Site "Canberra AUS"]
[Date "2013.03.31"]
[Round "8.3"]
[White "Czebe,A"]
[Black "Van Wely,L"]
[Result "0-1"]
[WhiteElo "2492"]
[BlackElo "2684"]

1.e4 c5 2.Nf3 e6 3.d3 Nc6 4.g3 d5 5.Qe2 Nf6 6.Bg2 Be7 7.O-O b5 8.exd5 exd5
9.Ne5 Nd4 10.Qd1 Bb7 11.c3 Ne6 12.Re1 O-O 13.Bh3 Bc8 14.Nc6 Qc7 15.Nxe7+ Qxe7
16.Na3 b4 17.Nc2 bxc3 18.bxc3 Qc7 19.Bg2 Bb7 20.Rb1 Bc6 21.Bb2 Rab8 22.Ne3 d4
23.cxd4 cxd4 24.Nf5 Bxg2 25.Kxg2 Rb5 26.Nxd4 Rxb2 27.Rxb2 Nxd4 28.Qa4 Qc3
29.Reb1 Qxd3 30.Qd1 Qc3 31.Rb8 Qc6+ 32.f3 Ne6 33.Rxf8+ Nxf8 34.Rb8 g6 35.Qd4 Nd7
36.Rd8 a6 37.Qe4 Qd6 38.Qe2 h5 39.a4 Qc7 40.Ra8 Nc5 41.Qc4 Qd6 42.Qb4 Qe5
43.Qd2 Kg7 44.Rd8 Nfe6 45.Rd5 Qa1 46.Qe2 Nxa4 47.Ra5 Nec5 48.Qc4 Qb2+ 49.Kh3 Qf2
50.f4 Qf3 51.Rxa4 Nxa4 52.Qxa4 Qf1+ 53.Kh4 Qb5 54.Qd4+ Kh7 55.h3 a5 56.g4 hxg4
57.hxg4 Qb4 58.Qe5 Qd2 59.Qe4 Qd8+ 60.Kh3 Qd7 61.f5 a4 62.fxg6+ fxg6 63.Qb4 Kg7
64.Kh4 Kf7 65.Qc4+ Ke7 66.Qb4+ Ke8 67.Kh3 Qd3+ 68.Kh4 a3 69.Qa4+ Kf7 70.Qa7+ Kf6
71.g5+ Ke5 72.Qa5+ Ke4 73.Qe1+ Kd5 74.Qa5+ Kc6 75.Qa4+ Kd6 76.Qb4+ Kd5 77.Qa5+ Ke4
78.Qe1+ Kf3 79.Qf1+ Ke3 80.Qe1+ Qe2 81.Qc3+ Qd3 82.Qe1+ Kd4 83.Qb4+ Kd5 84.Qa5+ Ke6
85.Qa4 Qd6 86.Qe4+ Kf7 87.Qf3+ Kg8 88.Qb3+ Kh8 89.Qf7 Qd4+ 90.Kg3 Qg7 91.Qd5 Qa7
92.Qh1+ Kg8 93.Qd5+ Kf8 94.Qa2 Qe3+ 95.Kg4 Ke7 96.Kh4 Qe4+ 97.Kg3 Qd3+ 98.Kh4 Kd6
99.Qg8 Qe4+ 100.Kg3 Qe5+ 101.Kf2 Qf5+ 102.Kg3 Qxg5+ 103.Kf2 Qf5+ 104.Kg3 Qd3+
105.Kf2 Kc5  0-1

[Event "O2C Doeberl Cup Premier 2013"]
[Site "Canberra AUS"]
[Date "2013.04.01"]
[Round "9.2"]
[White "Sethuraman,S"]
[Black "Van Wely,L"]
[Result "0-1"]
[WhiteElo "2532"]
[BlackElo "2684"]

1.e4 c5 2.Nf3 e6 3.d4 cxd4 4.Nxd4 Nf6 5.Nc3 d6 6.Be2 a6 7.O-O Be7 8.f4 O-O
9.Be3 Nc6 10.Kh1 Qc7 11.Qe1 Nxd4 12.Bxd4 b5 13.Qg3 Bb7 14.a3 Rad8 15.Bd3 Rd7
16.Rf3 Re8 17.Raf1 Bd8 18.e5 Nh5 19.Qg4 Bxf3 20.Qxf3 g6 21.g4 Ng7 22.Ne4 dxe5
23.Bxe5 Qb6 24.b4 f5 25.Nc5 Rf7 26.g5 Bc7 27.Re1 Bxe5 28.Rxe5 Rd8 29.Kg2 Rd6
30.c4 Rf8 31.Be2 Rd2 32.Nb3 Ra2 33.c5 Qd8 34.Nc1 Rc2 35.Nb3 Qd1 36.Kh3 Qg1
37.c6 Qg4+ 38.Qxg4 fxg4+ 39.Kxg4 Rxc6 40.Nc5 Rd6 41.Ne4 Rd4 42.Nf6+ Kh8 43.Kf3 Rc8
44.Ke3 Rdd8 45.a4 Rc2 46.axb5 axb5 47.Bg4 Rcd2 48.Rc5 R8d3+ 49.Ke4 Nf5 50.Rc8+ Rd8
51.Rc7 Rxh2 52.Ke5 Ng7 53.Rb7 Rh1 54.Nd7 Rg1 55.Bf3 Rf1 56.Be4 Re1 57.Nf6 Re3
58.Rxb5 Ne8 59.Rb7 Nxf6 60.gxf6 h5 61.b5 h4 62.Re7 h3 63.f7 Rf8 64.Ra7 h2
65.Ra1 Rxf7 66.b6 Re2 67.Rb1 Kg8 68.Kd4 Rxf4  0-1

[Event "TCh-ESP CECLUB Honor 2013"]
[Site "Linares ESP"]
[Date "2013.09.09"]
[Round "2.1"]
[White "Cruz,Cr"]
[Black "Van Wely,L"]
[Result "1/2-1/2"]
[WhiteElo "2529"]
[BlackElo "2701"]

1.d4 Nf6 2.c4 e6 3.Nc3 Bb4 4.e3 O-O 5.Bd3 c5 6.Nf3 d5 7.O-O cxd4 8.exd4 dxc4
9.Bxc4 b6 10.Qe2 Bb7 11.Bg5 Bxc3 12.bxc3 Nbd7 13.Bd3 Qc7 14.Rac1 Ng4 15.Be4 Bxe4
16.Qxe4 Ngf6 17.Qe2 h6 18.Bh4 Rac8 19.c4 Qc6 20.Qd1 Rfe8 21.Re1 Ne4 22.Ne5 Nxe5
23.dxe5 Ng5 24.Bxg5 hxg5 25.Rc3 Red8 26.Qh5 Rd4 27.Qxg5 Rxc4 28.Rg3 g6 29.h4 Rc1
30.Re3 Rxe1+ 31.Rxe1 Qc2 32.a3 Qf5 33.Qe3 Kg7 34.g3 Rd8 35.a4 Rd3 36.Qe4 Ra3
37.Kg2 a5 38.Re3 Qxe4+ 39.Rxe4 Rb3 40.Rd4 b5  1/2-1/2

[Event "German Pokal Cup 2014"]
[Site "Magdeburg GER"]
[Date "2014.05.10"]
[Round "1.1"]
[White "Van Wely,L"]
[Black "Melamed,T"]
[Result "1-0"]
[WhiteElo "2656"]
[BlackElo "2388"]

1.Nf3 Nf6 2.c4 g6 3.g3 Bg7 4.Bg2 O-O 5.O-O d6 6.d4 c6 7.Nc3 Qb6 8.h3 Qa6
9.b3 b5 10.Nd2 Bb7 11.Bb2 Nbd7 12.cxb5 cxb5 13.e4 b4 14.Na4 Bc6 15.a3 Qb7
16.Re1 bxa3 17.Rxa3 Rab8 18.Nc3 d5 19.exd5 Nxd5 20.Nxd5 Bxd5 21.Bxd5 Qxd5
22.Rxe7 Nc5 23.Qf3 Qg5 24.Re3 Qd8 25.Rxa7 Bxd4 26.Bxd4 Qxd4 27.Ra2 Rfe8 28.Rc3 Re1+
29.Kg2 Ne6 30.h4 h5 31.Rd3 Qc5 32.Rd7 Rf8 33.Ra8 Kg7 34.Rxf8 Qxf8 35.Ne4 Rc1
36.Nd6 Nd8 37.Qa8 Ne6 38.Rxf7+ Qxf7 39.Nxf7 Kxf7 40.Qf3+ Ke7 41.Qe4 Kf7 42.b4 Rc7
43.b5 Rd7 44.Qc6  1-0

[Event "5th Blitz Marathon 2014"]
[Site "Rabat MAR"]
[Date "2014.06.07"]
[Round "1.2"]
[White "Van Wely,L"]
[Black "Arif,Mouad"]
[Result "1-0"]
[WhiteElo "2654"]
[BlackElo "1830"]

1.d4 Nf6 2.Bg5 c5 3.Bxf6 gxf6 4.d5 d6 5.c4 Bf5 6.Nc3 Bg7 7.e3 Nd7 8.Nge2 Ne5
9.Nf4 Qb6 10.Qd2 h5 11.h4 O-O-O 12.Be2 Bg4 13.Rc1 Qb4 14.b3 Bxe2 15.Ncxe2 Qxd2+
16.Kxd2 Rdg8 17.Ng3 Ng6 18.Ngxh5 Bh6 19.g3 Kd7 20.Ke2 e5 21.Nxf6+ Kc7 22.Nxg8 exf4
23.Nxh6 Rxh6 24.exf4 Ne7 25.g4  1-0

[Event "5th Blitz Marathon 2014"]
[Site "Rabat MAR"]
[Date "2014.06.07"]
[Round "2.2"]
[White "Nafiri,K"]
[Black "Van Wely,L"]
[Result "0-1"]
[WhiteElo "2192"]
[BlackElo "2654"]

1.e4 c5 2.Nf3 e6 3.d4 cxd4 4.Nxd4 Nf6 5.Nc3 d6 6.g4 Nc6 7.Be3 h6 8.Rg1 g5
9.h3 Bd7 10.Ndb5 Qb8 11.Bg2 a6 12.Nd4 Ne5 13.Qe2 Qc7 14.f4 gxf4 15.Bxf4 Rc8
16.Nf3 Nc4 17.Nd1 Nxb2 18.e5 Nd5 19.Bd2 Qxc2 20.Nd4 Qc4 21.Qxc4 Nxc4 22.exd6 Bxd6
23.Rc1 Nxd2 24.Rxc8+ Bxc8 25.Kxd2 Nf4 26.Bf3 Nxh3 27.Re1 Ng5 28.Bg2 O-O 29.Rh1 Rd8
30.Ke2 Kg7 31.Ne3 Bc5 32.Nf3 Ne4 33.Ng1  0-1

[Event "5th Blitz Marathon 2014"]
[Site "Rabat MAR"]
[Date "2014.06.07"]
[Round "3.2"]
[White "Van Wely,L"]
[Black "Garcia Palermo,C"]
[Result "1-0"]
[WhiteElo "2654"]
[BlackElo "2449"]

1.d4 e6 2.c4 b6 3.e4 Bb7 4.Bd3 Nc6 5.Ne2 Nb4 6.Nbc3 Nxd3+ 7.Qxd3 g6 8.h4 h5
9.Bg5 Be7 10.Qg3 d6 11.O-O-O Nf6 12.f3 Qd7 13.e5 Nh7 14.Bxe7 Qxe7 15.Rhe1 O-O-O
16.Qf4 g5 17.hxg5 Qxg5 18.Qxg5 Nxg5 19.exd6 cxd6 20.d5 e5 21.Ng3 h4 22.Nf5 Ba6
23.b3 Kd7 24.f4 exf4 25.Ne4 Nxe4 26.Rxe4 Rde8 27.Rxf4 h3 28.gxh3 Rxh3 29.Nd4 Rh2
30.Rxf7+ Re7 31.Rxe7+ Kxe7 32.Nc6+ Kf6 33.Rd2 Rh1+ 34.Kb2 b5 35.cxb5 Bxb5
36.Nxa7 Bd7 37.Nc6 Rh8 38.Rf2+  1-0

[Event "5th Blitz Marathon 2014"]
[Site "Rabat MAR"]
[Date "2014.06.07"]
[Round "4.2"]
[White "Romero Holmes,A"]
[Black "Van Wely,L"]
[Result "0-1"]
[WhiteElo "2475"]
[BlackElo "2654"]

1.d4 Nf6 2.Bg5 Ne4 3.Bf4 d5 4.e3 Bf5 5.Bd3 e6 6.Ne2 c5 7.Bxb8 Rxb8 8.Bb5+ Ke7
9.O-O c4 10.c3 Qb6 11.Na3 Nd6 12.Ba4 Qxb2 13.Nc2 Qb6 14.f3 Qc7 15.e4 dxe4
16.Ne3 exf3 17.Rxf3 Be4 18.Rf4 g6 19.Bc2 Bxc2 20.Qxc2 Bh6 21.Rf3 Rhf8 22.Ng4 Bg7
23.Re1 Rbe8 24.Nf4 Kd8 25.Ne5 Kc8 26.Qa4 a6 27.Rb1 f6 28.Ng4 Qd7 29.Qb4 Kb8
30.Ne3 Rc8 31.d5 e5 32.Ne6 Rf7 33.Qb6 Ka8 34.Nxg7 Rxg7 35.Rxf6 Ne4 36.Re6 Nxc3
37.Re1 Nxd5 38.Nxd5 Qxd5 39.Rd6 Qc5+  0-1

[Event "5th Blitz Marathon 2014"]
[Site "Rabat MAR"]
[Date "2014.06.07"]
[Round "5.2"]
[White "Van Wely,L"]
[Black "Van Kampen,R"]
[Result "1-0"]
[WhiteElo "2654"]
[BlackElo "2631"]

1.c4 e6 2.Nf3 d5 3.d4 dxc4 4.e3 b5 5.a4 b4 6.Bxc4 Nf6 7.O-O Be7 8.Qe2 Bb7
9.Nbd2 Nbd7 10.e4 c5 11.dxc5 Nxc5 12.Bb5+ Nfd7 13.Rd1 a6 14.Bxd7+ Qxd7 15.Nb3 Qc7
16.Nxc5 Bxc5 17.Be3 Bxe3 18.Qxe3 Qc6 19.Rac1 Qxa4 20.Qc5 Rc8 21.Qd6 Qa5 22.Qd7+  1-0

[Event "5th Blitz Marathon 2014"]
[Site "Rabat MAR"]
[Date "2014.06.07"]
[Round "7.1"]
[White "Van Wely,L"]
[Black "Rausis,I"]
[Result "1-0"]
[WhiteElo "2654"]
[BlackElo "2578"]

1.d4 d5 2.c4 dxc4 3.Nf3 c5 4.d5 Nf6 5.Nc3 e6 6.e4 exd5 7.e5 Ne4 8.Nxe4 dxe4
9.Qxd8+ Kxd8 10.Ng5 Be6 11.Nxe6+ fxe6 12.Bxc4 Kd7 13.O-O Nc6 14.Bf4 Rd8 15.Rfe1 Nd4
16.a4 Be7 17.Rxe4 b6 18.Be3 Kc7 19.Rc1 Kb7 20.Kf1 Rhf8 21.Bxd4 cxd4 22.Bxe6 d3
23.Rd1 Bc5 24.f3 a5 25.Bc4 d2 26.Ke2 Bb4 27.e6 Rfe8 28.Bb5 Re7 29.Bd7 Rf8
30.g4 g5 31.Re5 h6 32.Rf5 Rd8 33.Rxd2 Bxd2 34.Kxd2 Rxe6 35.Rd5 Re7 36.Bc6+ Kc7
37.Rxd8 Kxd8 38.Be4 Kc7 39.Kd3 Kd6 40.Kc4 Re5 41.b3 Rc5+ 42.Kd3 Rc1 43.Kd4 Rd1+
44.Kc4 Rh1 45.Kb5 Kc7 46.Kc4 Rxh2 47.Kd5 Rb2 48.Kc4 Kd6 49.Bb7 Rc2+ 50.Kb5 Kc7
51.Be4 Rc3 52.Ka6 Rxb3 53.Bd5 Kd6 54.Bxb3 Kc5 55.Bd1 Kd5  1-0